Capitals Alphabet-Soup Sprint 1 - Statistics

General Stats
  • This quiz has been taken 48 times
  • The average score is 10 of 12
Answer Stats
Hint Answer % Correct
1) AEHNRT Tehran
95%
5)AGHINNOSTW Washington
90%
11) BDILNU Dublin
87%
3) HHIMPTU Thimphu
87%
4) ABCEHRSTU Bucharest
85%
7) ACIOR Cairo
82%
8) AEEIINNTV Vientiane
82%
2) AABCENRR Canberra
79%
9) EHIIKLNS Helsinki
74%
6) AABIILRS Brasilia
72%
12) AACDMSSU Damascus
67%
10) AAABDILMS Islamabad
56%
No matching quizzes found
Score Distribution
Percent of People with Each Score
Percentile by Number Answered
Your Score History
You have not taken this quiz